000 00582nam a2200241Ia 4500
003 OSt
005 20221005132358.0
006 a|||||r|||| 00| 0
007 ta
008 221004b |||||||| |||| 00| 0 tam d
024 _a46186
037 _cTextual
040 _aCRL
_cCRL
_btam
041 _2tam
_atam
082 _aO31,6M83x, J91
100 _aKaliyanasun
_9641034
245 0 _aThomizhcholac
260 _c1959
300 _a400
_ccm.
650 _aTAMIL PROSE
942 _hO31,6M83x, J91
_cTEXL
_2cc
999 _c1063436
_d1063436